BUSINESS ENVIROMENT TEXT & CASE (Record no. 11099)

MARC details
000 -LEADER
fixed length control field 00295nam a22001337a 4500
003 - CONTROL NUMBER IDENTIFIER
control field SGT
082 ## - DEWEY DECIMAL CLASSIFICATION NUMBER
Classification number 340,CHE
100 ## - MAIN ENTRY--PERSONAL NAME
Personal name CHERUNILAM,F.
245 ## - TITLE STATEMENT
Title BUSINESS ENVIROMENT TEXT & CASE
260 ## - PUBLICATION, DISTRIBUTION, ETC. (IMPRINT)
Place of publication, distribution, etc NEW DELHI
Name of publisher, distributor, etc HARYANA
Year of Publication `2011
300 ## - PAGE DESCRIPTION
No. of Pages 774
650 ## - SUBJECT ADDED ENTRY--TOPICAL TERM
Topical term or geographic name as entry element BUSINESS ENVIROMENT
942 ## - ADDED ENTRY ELEMENTS (KOHA)
Source of classification or shelving scheme Dewey Decimal Classification
Koha item type Books
Holdings
Withdrawn status Lost status Source of classification or shelving scheme Damaged status Not for loan Collection code Home library Current library Shelving location Date acquired Vendor Name SGTU Full call number Accession No. (Barcode) Date last seen Bill Date Koha item type
    Dewey Decimal Classification   Not For Loan LAW SGT Science & Social Sciences Library SGT Science & Social Sciences Library Reference Book 06/03/2017 DONATE SGTU 340,CHE FL592 06/03/2017 06/03/2017 Books